000 07346nam a22006857a 4500
005 20120229103230.0
010 _aB-446565-605
020 _a9788123757292
_c70.00
035 _aB-446565-605
037 _bBlue Berry/Ven
082 _a921
100 _aKelkar, Indumati
_943615
245 _aRam Manohar Lohia /
_cby Indumati Kelkar
260 _aNew Delhi
_bNational Book Trust
_c2010
270 _aNehru Bhawan,5,Institutional Area,Phase -II,
_bNewDelhi
_e110070
300 _axiv,212p.
_b22cm(pbk)
942 _2ddc
_cEN
_mLOH
_h921
999 _c63612
_d63612